<?xml version="1.0" encoding="UTF-8"?>
<record
    xmlns:xsi="http://www.w3.org/2001/XMLSchema-instance"
    xsi:schemaLocation="http://www.loc.gov/MARC21/slim http://www.loc.gov/standards/marcxml/schema/MARC21slim.xsd"
    xmlns="http://www.loc.gov/MARC21/slim">

  <leader>02642cam a2200337 a 4500</leader>
  <controlfield tag="001">000014461</controlfield>
  <controlfield tag="003">DO-SdBNP</controlfield>
  <controlfield tag="005">20251031092906.0</controlfield>
  <controlfield tag="007">ta</controlfield>
  <controlfield tag="008">011127s2000    mx ab    b    001 0 spa  </controlfield>
  <datafield tag="020" ind1=" " ind2=" ">
    <subfield code="a">968638443X (tomo15)</subfield>
  </datafield>
  <datafield tag="040" ind1=" " ind2=" ">
    <subfield code="a">DO-SdBNP</subfield>
    <subfield code="b">spa</subfield>
    <subfield code="c">BNPHU </subfield>
  </datafield>
  <datafield tag="082" ind1=" " ind2="4">
    <subfield code="a">925</subfield>
    <subfield code="b">H919a</subfield>
    <subfield code="2">22</subfield>
  </datafield>
  <datafield tag="245" ind1="0" ind2="0">
    <subfield code="a">Humboldt y Am&#xE9;rica Latina /</subfield>
    <subfield code="c">compiladores ; Leopoldo Zea, Alberto Saladino Garc&#xED;a.</subfield>
  </datafield>
  <datafield tag="246" ind1="1" ind2="5">
    <subfield code="a">Bicentenario del otro descubrimiento de Alejandro de Humboldt</subfield>
  </datafield>
  <datafield tag="260" ind1=" " ind2=" ">
    <subfield code="a">M&#xE9;xico :</subfield>
    <subfield code="b">Programa Universitario de Difusi&#xF3;n de Estudios Latinoamericanos :</subfield>
    <subfield code="b">Instituto Panamericano de Geograf&#xED;a e Historia :</subfield>
    <subfield code="b">Fondo de Cultura Econ&#xF3;mica,</subfield>
    <subfield code="c">2000.</subfield>
  </datafield>
  <datafield tag="300" ind1=" " ind2=" ">
    <subfield code="a">137 p. :</subfield>
    <subfield code="b">il., mapas ;</subfield>
    <subfield code="c">21 cm.</subfield>
  </datafield>
  <datafield tag="490" ind1="1" ind2=" ">
    <subfield code="a">Latinoam&#xE9;rica fin de milenio</subfield>
    <subfield code="v">15</subfield>
  </datafield>
  <datafield tag="490" ind1="1" ind2=" ">
    <subfield code="a">Tierra firme</subfield>
  </datafield>
  <datafield tag="500" ind1=" " ind2=" ">
    <subfield code="a">"Analizar bajo los parametros del rigor cient&#xED;fico la obra de Humboldt para homenajearlo por el bicentenario de su arribo a tierras americanas, fue la motivaci&#xF3;n de todas las actividades inspiradas por la Comisi&#xF3;n Nacional, la cual apoyo la realizacion de diversos eventos como los organizados en la Universidad Autonoma del Estado de M&#xE9;xico, por medio de la Sociedad Latinoamericana de Estudios sobre Am&#xE9;rica Latina y el Caribe..."--P. [5].</subfield>
  </datafield>
  <datafield tag="504" ind1=" " ind2=" ">
    <subfield code="a">Incluye referencias bibliogr&#xE1;ficas.</subfield>
  </datafield>
  <datafield tag="505" ind1="0" ind2=" ">
    <subfield code="a">Contexto cultural hispanoamericano durante la visita de Alejandro de Humboldt / Alberto Saladino Garcia -- La valoraci&#xF3;n de Humboldt en los homenajes mexicanos del siglo XIX / Luz Fernanda Azuela -- Humboldt y el desarrollo de la cartograf&#xED;a mexicana / J. Omar Moncada Maya -- El Libertador, el Sabio y el Dictador / Gustavo Vargas Mart&#xED;nez -- Humboldt y la bot&#xE1;nica americana / Graciela Zamudio, Armando Butanda -- Humboldt y la miner&#xED;a de la Nueva Espa&#xF1;a / Mar&#xED;a Teresa S&#xE1;nchez Salazar, H&#xE9;ctor Mendoza Vargas --</subfield>
  </datafield>
  <datafield tag="505" ind1="0" ind2=" ">
    <subfield code="a">Humboldt, el medio y la representaci&#xF3;n org&#xE1;nica de la Ciudad de M&#xE9;xico / Federico Fern&#xE1;ndez Christlieb -- La imagen del ind&#xED;gena en el Ensayo pol&#xED;tico sobre el reino de la Nueva Espa&#xF1;a / Marco Antonio Urdapilleta Munoz -- Humboldt y el noroeste de Am&#xE9;rica / Virginia Gonz&#xE1;lez Claver&#xE1;n -- Humboldt, maestro universal / Antonio Luna Moreno.</subfield>
  </datafield>
  <datafield tag="600" ind1="1" ind2="4">
    <subfield code="a">Humboldt, Alexander Von,</subfield>
    <subfield code="d">1769-1859</subfield>
    <subfield code="x">Viajes</subfield>
    <subfield code="z">Am&#xE9;rica Latina</subfield>
    <subfield code="9">32652</subfield>
  </datafield>
  <datafield tag="651" ind1=" " ind2="0">
    <subfield code="a">Am&#xE9;rica Latina </subfield>
    <subfield code="x">Civilizaci&#xF3;n</subfield>
    <subfield code="y">Siglo XIX</subfield>
    <subfield code="9">4092</subfield>
  </datafield>
  <datafield tag="700" ind1="1" ind2=" ">
    <subfield code="a">Zea, Leopoldo,</subfield>
    <subfield code="d">1912-</subfield>
    <subfield code="9">3675</subfield>
  </datafield>
  <datafield tag="700" ind1="1" ind2=" ">
    <subfield code="a">Saladino Garc&#xED;a, Alberto.</subfield>
    <subfield code="9">32653</subfield>
  </datafield>
  <datafield tag="710" ind1="2" ind2=" ">
    <subfield code="a">Latin American Society of Studies on Latin America and the Caribbean.</subfield>
    <subfield code="9">32654</subfield>
  </datafield>
  <datafield tag="830" ind1=" " ind2="0">
    <subfield code="a">Latinoam&#xE9;rica fin de milenio ;</subfield>
    <subfield code="v">15</subfield>
    <subfield code="p">tierra firme</subfield>
    <subfield code="9">19786</subfield>
  </datafield>
  <datafield tag="942" ind1=" " ind2=" ">
    <subfield code="2">ddc</subfield>
    <subfield code="c">LBS1</subfield>
  </datafield>
  <datafield tag="952" ind1=" " ind2=" ">
    <subfield code="0">0</subfield>
    <subfield code="1">0</subfield>
    <subfield code="5">4</subfield>
    <subfield code="7">0</subfield>
    <subfield code="8">MO</subfield>
    <subfield code="a">GR</subfield>
    <subfield code="b">GR</subfield>
    <subfield code="c">CT</subfield>
    <subfield code="d">2010-01-11</subfield>
    <subfield code="i">LF1</subfield>
    <subfield code="l">0</subfield>
    <subfield code="o">925 H919a</subfield>
    <subfield code="p">14461-10</subfield>
    <subfield code="r">2020-06-25</subfield>
    <subfield code="w">2020-06-25</subfield>
    <subfield code="y">4</subfield>
    <subfield code="Z">Pr&#xE9;stamo en sala</subfield>
  </datafield>
  <datafield tag="999" ind1=" " ind2=" ">
    <subfield code="c">14050</subfield>
    <subfield code="d">14050</subfield>
  </datafield>
</record>
